00759cam a2200217 a 450000100100000000500170001000800410002704000300006808200190009810000380011724500450015526000300020030000280023050400470025865000260030565000300033191000340036104900090039595201220040499900150052600000861020200929161355.0820803|1970 mx a 001 f spa  aDO-SdBNPbspacDLCdBNPHU aM863.44bP228h1 aPareyón, Armando,d1897-92303910aLos de hasta abajo /cArmando Pareyón. aMéxico :bDiana,c1970. a147 p. :bil. ;c20 cm. aIncluye índice y vocabulario de terminos 4aNovela mexicana93959 4aLiteratura mexicana91922 aCatalogación por copia / LC aBNGR 001052708MOaGRbGRcCTd2009-09-17iLF1l0oM863.44 P228hp8610-10r2020-06-25w2020-06-25y2ZPréstamo interno c8380d8380